000
00394nam a2200145Ia 4500
008
100204s9999 xx 000 0 und d
082
_b
26645
100
_a
जोशी सरोज
245
_a
शीळ
260
_b
"ग्रंथाली ज्ञानयज्ञ , मुंबई"
_c
1998
300
_a
107
630
_a
शीळ
730
_a
शीळ
942
_c
BOOK
999
_c
471826
_d
471823